Advanced calculus

Bibliographic Details
Main Author: Widder, David V
Format: Section = Libro
Language:Undetermined
Spanish
Published: Nueva Jersey Prentice Hall 1961
Edition:2a.ed.
Subjects:
LEADER 00424nam a2200181Ia 4500
008 240829s9999 xx 000 0 und d
040 |a BIBLIOTECA-RUSB/ 515 W638 
041 |a spa 
082 |a 515 W638 
100 1 |a Widder, David V 
245 1 0 |a Advanced calculus 
250 |a 2a.ed. 
260 |a Nueva Jersey  |b Prentice Hall  |c 1961 
300 |a 520 p. :il. 
650 7 |a CALCULO 
942 |c BK  |2 ddc 
991 |a TEXTO 
999 |c 1628